000
00210nam a22000857a 4500
008
170220b xxu||||| |||| 00| 0 eng d
100
_9
2928
_a
Das.A.etal.
245
_a
Home Science-XII
260
_a
New Delhi
_b
APD
_c
2009
999
_c
6169
_d
6169